Isopentenyl transferase (IPT) gene incorporated GM rubber (Record no. 75732)

MARC details
000 -LEADER
fixed length control field 00768nam a22001817a 4500
100 ## - MAIN ENTRY--AUTHOR NAME
Personal name Kala, R.G.
245 ## - TITLE STATEMENT
Title Isopentenyl transferase (IPT) gene incorporated GM rubber
260 ## - PUBLICATION, DISTRIBUTION, ETC. (IMPRINT)
Name of publisher Natural Rubber Industry: Way forward for the Competitiveness and Sustainability: Proceedings of the International Rubber Conference 2019, 30 September- 1st October 2019, International Rubber Research and Development Board and Myanmar Rubber Planters and Producers Association, Nai Pyi Taw, Myanmar, pp. 228-243.
Year of publication 2022
650 ## - SUBJECT ADDED ENTRY--TOPICAL TERM
Topical Term Isopentenyl transferase
650 ## - SUBJECT ADDED ENTRY--TOPICAL TERM
Topical Term Genetic transformation
650 ## - SUBJECT ADDED ENTRY--TOPICAL TERM
Topical Term Cytokinesis
700 ## - ADDED ENTRY--PERSONAL NAME
Personal name Jayashree, R.
700 ## - ADDED ENTRY--PERSONAL NAME
Personal name Uratsu, P.
700 ## - ADDED ENTRY--PERSONAL NAME
Personal name Dandekar, A.M.
700 ## - ADDED ENTRY--PERSONAL NAME
Personal name Thulaseedharan, A.
942 ## - ADDED ENTRY ELEMENTS (KOHA)
Koha item type Articles
Holdings
Withdrawn status Lost status Damaged status Not for loan Home library Current library Date acquired Koha item type
        RRII Library RRII Library 03/11/2025 Articles